000 00610nam a22002052 4500
001 0000005316
005 20151217152001.0
008 070611s xx 000 0 eng d
020 _a8174763430 :
_cKES 890
040 _aKABU
_cKABU
050 0 _aTX725
_b.A1M46
100 1 _aMendonsa, Gilda.
_@0000156540
245 1 0 _aHome cooking around the world /
_cGilda Mendonsa.
260 _aNew Delhi :
_bUBSPD,
_c2003.
300 _axxi, 351 p. :
_bcol. ill. ;
_c21 cm.
650 0 _aCookery, International.
_@0000156541
908 _a070611
950 _@1
999 _c6998
_d6998